| 000 | 00427nam a22001577a 4500 | ||
|---|---|---|---|
| 003 | MPLRDC | ||
| 005 | 20220104123615.0 | ||
| 008 | 210129b ||||| |||| 00| 0 eng d | ||
| 082 | _a225.4 SSFS-2 v.1 | ||
| 100 | _a释圣法法师 | ||
| 245 |
_a慈莲寺佛学问答. 第一集 _c |
||
| 260 |
_a _b慈光寺印行 _c1988 |
||
| 300 | _b平 | ||
| 650 | _a佛教佈教及信仰生活--佛教说法 | ||
| 942 |
_cBK _o225.4 SSFS-2 v.1 |
||
| 999 |
_c12762 _d12752 |
||